Models of quantitative analysis of the competitive environment in the Slovak banking sector

Príspevok hodnotí konkurenčné prostredie a analyzuje koncentráciu bankového sektora na Slovensku. Ochrana konkurenčného prostredia štátom. Výsledky kvantitatívnej analýzy stavu a vývoja bankového sektora na Slovensku v rokoch 2010-2014.

Salvato in:
Dettagli Bibliografici
Autore principale: Fendeková, Eleonora, 1952-
Altri autori: Fendek, Michal
Natura: Capitolo di libro
Lingua:inglese
Soggetti:
Tags: Aggiungi Tag
Nessun Tag, puoi essere il primo ad aggiungerne!!

MARC

LEADER 00000nla a2200000 4500
001 0222323
005 20240502083551.5
041 0 |a eng 
044 |a CZ 
245 1 0 |a Models of quantitative analysis of the competitive environment in the Slovak banking sector  |c Eleonora Fendeková, Michal Fendek 
520 |a Príspevok hodnotí konkurenčné prostredie a analyzuje koncentráciu bankového sektora na Slovensku. Ochrana konkurenčného prostredia štátom. Výsledky kvantitatívnej analýzy stavu a vývoja bankového sektora na Slovensku v rokoch 2010-2014. 
610 2 0 |a banky 
610 2 0 |a Slovensko 
610 2 0 |a konkurencia 
610 2 0 |a ukazovatele 
610 2 0 |a koncentrácia 
610 2 0 |a analýza kvantitatívna 
610 2 0 |a modely 
100 1 |a Fendeková, Eleonora, 1952- 
700 1 |a Fendek, Michal